| 000 | 00577nam a22001577a 4500 | ||
|---|---|---|---|
| 008 | 230418b |||||||| |||| 00| 0 eng d | ||
| 040 |
_aNational Science Library _cNational Science Library |
||
| 080 |
_aR 341.16:61(026) _bN3 |
||
| 245 |
_aHandbook of resolutions and decisions of the world health assembly and the executive board _c/World Health Organization, Vol. III |
||
| 250 | _a3rd ed. | ||
| 260 |
_aGeneva: _bWorld Health Organizaiton, _c1993 |
||
| 300 | _axv, 270p. | ||
| 650 | _aWorld health assembly | ||
| 653 | _aTechnical cooperation | ||
| 942 |
_2udc _cHDK |
||
| 999 |
_c20497 _d20497 |
||